| 000 -CABECERA |
| Longitud fija campo de control |
00436nam a2200169 a 4500 |
| 001 - NÚMERO DE CONTROL |
| Número de control |
4574 |
| 003 - IDENTIFICADOR DEL NÚMERO DE CONTROL |
| Identificador del número de control |
CDMR |
| 005 - FECHA Y HORA DE LA ÚLTIMA TRANSACCIÓN |
| Fecha y hora de la última transacción |
20130313135133.0 |
| 008 - CÓDIGOS DE INFORMACIÓN DE LONGITUD FIJA |
| Códigos de información de longitud fija |
130130s1984||||||||||||||||||||||||||||d |
| 020 ## - NÚMERO INTERNACIONAL NORMALIZADO PARA LIBROS |
| Número Internacional Normalizado para Libros (ISBN) |
8450503485 |
| 040 ## - FUENTE DE LA CATALOGACIÓN |
| Centro catalogador de origen |
CDMR |
| Lengua de catalogación |
cat |
| Centro transcriptor |
CDMR |
| 111 ## - PUNTO DE ACCESO PRINCIPAL-NOMBRE DE CONGRESO |
| 9 (RLIN) |
3032 |
| Nombre de congreso o jurisdicción como elemento de entrada |
FotoPres |
| Sede del congreso |
Barcelona |
| Fecha del congreso |
1984 |
| Número del congreso o número de parte o sección de la obra |
2n |
| 245 10 - MENCIÓN DE TÍTULO |
| Título |
Foto Pres 1984 |
| 260 ## - PUBLICACIÓN, DISTRIBUCIÓN, ETC. (PIE DE IMPRENTA) |
| Lugar de publicación, distribución, etc. |
Barcelona |
| Fecha de publicación, distribución, etc. |
1984 |
| Nombre del editor, distribuidor, etc. |
Fundació Caixa de Pensions |
| 500 ## - NOTA GENERAL |
| Nota general |
Catàleg d'exposició |
| 942 ## - ENTRADA DE ELEMENTOS AGREGADOS (KOHA) |
| Koha [por defecto] tipo de item |
Monografies |
| Fuente de clasificaión o esquema |
|